000 00661nam a2200181Ia 4500
008 151202s9999||||xx |||||||||||||| ||und||
082 _bPNVM-84705
100 _aहरकारे अरूण.
245 _aमुंबई पोलिसांची शान.
260 _b"कुलस्वामिनी प्रकाशन,डोंबिवली."
260 _c2015
300 _a184
600 _aहरकारे अरूण.
630 _aमुंबई पोलिसांची शान.
700 _aहरकारे अरूण.
730 _aमुंबई पोलिसांची शान.
942 _cBOOK
999 _c1349557
_d1349554